000 01164nam0a2200313 4500
001 RU\NLR\bibl\1493427
005 20260406051233.0
010 _a978-5-392-01142-1
_92000
021 _aRU
_b2010-10514
_9693
035 _a(nilc)RSL-KNO-004584023
035 _a(NLR Aleph) 001484965
090 _a1727248
_c1727248
100 _a20100216d2010 |||y0rusy50 ca
101 0 _arus
102 _aRU
105 _ay zzzz|||||
200 1 _aОсновы римского гражданского права
_eучебник
_fИ. Б. Новицкий
210 _aМосква
_cПроспект
_d2010
215 _a270, [1] с.
_d22
606 1 _aГражданское право
_jУчебники для высших учебных заведений
_yРим Древний
_9891326
_3RU\NLR\auth\66322463
686 _aХ2(0)323-62я73-1
_2rubbk
686 _aХ2(0)323-62я73
700 1 _4070
_8rus
_7ca
_aНовицкий
_bИ. Б.
_f1880-1958
_gИван Борисович
_3RU\NLR\auth\776557
_9116508
801 0 _aRU
_bРГБ
_c20100216
_grcr
801 1 _aRU
_bРГБ
_c20100216
801 2 _aRU
_bNLR
_c20100401
_grcr
942 _cBOOK
980 _aNB